Bengkel Penilaian Harta Kediaman (2-6 Ogos 1999)

Bibliographic Details
Format: Book
Subjects:
Online Access:http://app.inspen.gov.my:7779/pls/portal/docs/PAGE/CORPORATEPAGES/PORTAL_INSPEN/NOTA_KURSUS/JJ/IU.PDF

MARC

LEADER 00000cam a2200000 7i4500
001 0000007067
005 20071210.0
040 |a INS 
090 0 0 |a J43 
245 0 0 |a Bengkel Penilaian Harta Kediaman (2-6 Ogos 1999) 
500 |a Digital document is available on-line; Please click the URL below 
650 0 0 |a Juruteknik 
650 0 0 |a Residential property   |x Valuation 
856 |u http://app.inspen.gov.my:7779/pls/portal/docs/PAGE/CORPORATEPAGES/PORTAL_INSPEN/NOTA_KURSUS/JJ/IU.PDF 
999 |a J000000058   |b BOOK   |c Course Notes   |e Default branch 
999 |a J000000375   |b BOOK   |c Course Notes   |e Default branch